000 01058cam a22003255i 4500
001 016856400
003 EG-ScBUE
005 20230109094841.0
008 140709t2014 cauc f 001 0 eng d
020 _a9781600584527 (pbk.)
040 _aStDuBDS
_beng
_erda
_cStDuBDS
_dEG-ScBUE
_dEG-ScBUE
082 0 4 _a741.24
_bDOW
_222
100 1 _aDowdalls, Jim,
_eauthor.
_939398
245 1 4 _aThe fundamentals of drawing /
_cJim Dowdalls.
246 3 4 _aFundamentals of drawing :
_ba comprehensive drawing course for the beginning artist
264 1 _aIrvine, CA :
_bWalter Foster Publishing,
_c[2014]
264 4 _cc2014
300 _a128 pages :
_bportraits ;
_c35 cm.
336 _2rdacontent
_atext
_btxt
337 _2rdamedia
_aunmediated
_bn
338 _2rdacarrier
_avolume
_bnc
490 0 _aAcademy of art
500 _aIncludes index.
650 7 _aPencil drawing
_xTechnique.
_2BUEsh
650 7 _aPen drawing
_xTechnique.
_2BUEsh
651 _2BUEsh
653 _bCOMAME
_cJune2015
_cFebruary2016
655 _vReading book
942 _2ddc
_cBB
999 _c19672
_d19644